000 00501ntaaa2200193 4500
003 01
005 20251027202047.0
008 0714s1973 ag 01
020 _a0311430385
040 _aAR-BaBN
_bspa
_cAR-BaBN
_eaacr
_dRIC
082 _a252.0000 B65i
100 _aBorras, Jose
_98473
245 _aEl inmenso amor de Dios y otros sermones
250 _a1 ed.
260 _aEl Paso :
_bCasa Bautista de Publicaciones,
_c1980
300 _a111 p ;
_c18 cm
650 _asermones
_9362
942 _cBK
999 _c15454
_d15454